Nanosciences : concepts, simulation et caractérisation (notice n° 1906070)
[ vue normale ]
| 000 -LEADER | |
|---|---|
| fixed length control field | 00592cam a2200157 4500500 |
| 005 - DATE AND TIME OF LATEST TRANSACTION | |
| control field | 20260329020442.0 |
| 041 ## - LANGUAGE CODE | |
| Language code of text/sound track or separate title | fre |
| 042 ## - AUTHENTICATION CODE | |
| Authentication code | dc |
| 100 10 - MAIN ENTRY--PERSONAL NAME | |
| Personal name | Baudrant, Annie |
| Relator term | author |
| 245 00 - TITLE STATEMENT | |
| Title | Nanosciences : concepts, simulation et caractérisation |
| 260 ## - PUBLICATION, DISTRIBUTION, ETC. | |
| Name of publisher, distributor, etc. | Techniques de l'ingénieur,<br/> |
| Date of publication, distribution, etc. | 2025.<br/> |
| 700 10 - ADDED ENTRY--PERSONAL NAME | |
| Personal name | Frigerio, Jean-Marc |
| Relator term | author |
| 700 10 - ADDED ENTRY--PERSONAL NAME | |
| Personal name | Monnereau, Cyrille |
| Relator term | author |
| 700 10 - ADDED ENTRY--PERSONAL NAME | |
| Personal name | Thorel, Alain |
| Relator term | author |
| 856 41 - ELECTRONIC LOCATION AND ACCESS | |
| Uniform Resource Identifier | <a href="https://stm.cairn.info/techniques-de-l-ingenieur-nanosciences-concepts-simulation-et-caracterisation--42194210?lang=fr&redirect-ssocas=7080">https://stm.cairn.info/techniques-de-l-ingenieur-nanosciences-concepts-simulation-et-caracterisation--42194210?lang=fr&redirect-ssocas=7080</a> |
Pas d'exemplaire disponible.




Réseaux sociaux